000 00531nam a2200205 a 4500
999 _c4284
_d4284
001 4284
003 BD-JhCC
005 20171126191405.0
008 171119s1956 uk |||| ||a| 000 0 eng d
035 _a(BD-JhCC)
040 _aBD-JhCC
_dBD-JhCC
041 _aeng
082 _a917.122
_bTOL 1956
100 _aTolboom, Wanda
245 _aPeople of the Snow :
_bEskimos of Arctic Canada /
_cWanda Tolboom
260 _aLondon :
_bGilmour & Dean Ltd,
_c1956
300 _a94 p. :
_c22 cm.
650 _aTravelogue
942 _2ddc
_cBK